| 000 | 00584nam a2200193Ia 4500 | ||
|---|---|---|---|
| 003 | IN-BaIIA | ||
| 008 | 211028s9999 xx 000 0 eng d | ||
| 040 | _cIIA Library | ||
| 080 |
_a526 _bKON |
||
| 245 | 0 |
_aMathematische grundlagen der hoheren geodasie und kartographie _cedited by von R. Konig und K.H. Weise. |
|
| 260 |
_aBerlin _bSpringer-Verlag _c1951 |
||
| 300 | _axviii, 522p. | ||
| 650 | _aAstronomical geodesy | ||
| 650 | _aAstronomy and astrophysics thesaurus | ||
| 650 | _aGeodesy | ||
| 700 |
_aKonig, R., ed. _93261 |
||
| 700 |
_aWeise, K. H., ed. _93262 |
||
| 942 | _cBK | ||
| 999 |
_c1643 _d1643 |
||